000 00413nam a2200157Ia 4500
008 180921t2017 xxu||||| |||| 00| 0 eng d
041 _aeng
080 _a22/23
_bABE
100 _aAbeyasingha, Nihal
245 _aChurches : East & West - A Brief Survey of Christian Churches
260 _bGodage
_acolombo
_c2017
300 _b192p., 21cm
942 _cBK
999 _c50
_d50
003 LK-CoDNM
040 _aLK-CoDNM
_dLK-CoDNM
_eLK-CoDNM